00894cam a22002414a 450000100090000000300040000900500170001300800410003001000170007102000150008804000180010304200080012105000160012908200140014510000270015924500780018625000130026426000500027730000470032750400640037450501910043865000230062913802114OSt20210414114144.0041130s2005 ohua b 001 0 eng  a 2004559192 a0538438576 aDLCcDLCdDLC apcc00aHF5547.O21900a651.32221 aGibson-Odgers, Pattie.10aAdministrative office management : short course. /cPattie Gibson-Odgers. a13th ed. aMason, Ohio :bThomson/South-Western,cc2005. axvii, 418 p. :bill. (some col.) ;c24 cm. aIncludes bibliographical references (p. 392-399) and index. aContents: Identifying basic concepts and trends -- Managing human resources in the office -- Practicing leadership and communication skills -- Managing essential administrative services. 0aOffice management.